[Event "Lvov Ivanchuk School-ch"]
[Site "Lvov"]
[Date "2017.10.14"]
[Round "4"]
[White "Zbozhnyy, Maksymilian"]
[Black "Krokhina, Sofiya"]
[Result "0-1"]
[WhiteElo "1122"]
[BlackElo "1167"]
[PlyCount "100"]
[EventDate "2017.10.13"]
[EventType "swiss"]
[EventRounds "9"]
[EventCountry "UKR"]
[SourceTitle "CBM 181 Extra"]
[Source "ChessBase"]
[SourceDate "2017.12.12"]
[SourceVersion "1"]
[SourceVersionDate "2017.12.12"]
[SourceQuality "1"]

1. e4 e5 2. Nf3 Nc6 3. Bb5 d6 4. h3 Nf6 5. Nc3 Bd7 6. 0-0 a6 7. Ba4 b5 8. Bb3 Na5 9. d3 Nxb3 10. axb3 Be7 11. Bg5 h6 12. Be3 0-0 13. Qd2 Bxh3 14. gxh3 Qd7 15. Kh2 Kh7 16. Rg1 Rg8 17. Rg2 Nh5 18. Rag1 Nf4 19. Bxf4 exf4 20. Qxf4 Bf6 21. d4 Rae8 22. e5 dxe5 23. dxe5 Bd8 24. Qe4+ Kh8 25. Qe3 Kh7 26. Ra1 Qf5 27. Nd4 Qxe5+ 28. Qxe5 Rxe5 29. Rxa6 b4 30. Na2 c5 31. Nc6 Re6 32. c3 Bc7+ 33. Kh1 Rd8 34. cxb4 Rdd6 35. b5 Rd3 36. Rg1 Rxh3+ 37. Kg2 Rh2+ 38. Kf1 Rf6 39. Rg2 Rh1+ 40. Ke2 Re6+ 41. Kd2 Bf4+ 42. Kc2 Rh3 43. Nc3 Re1 44. b4 c4 45. Nd1 Re2+ 46. Kb1 Re1 47. Ra7 Rxd1+ 48. Ka2 Rhh1 49. b3 Rd2+ 50. Ka3 Ra1# 0-1

[Event "Lvov Ivanchuk School-ch"]
[Site "Lvov"]
[Date "2017.10.13"]
[Round "1"]
[White "Kvak, Robert"]
[Black "Zbozhnyy, Maksymilian"]
[Result "1-0"]
[WhiteElo "1562"]
[BlackElo "1122"]
[PlyCount "85"]
[EventDate "2017.10.13"]
[EventType "swiss"]
[EventRounds "9"]
[EventCountry "UKR"]
[SourceTitle "CBM 181 Extra"]
[Source "ChessBase"]
[SourceDate "2017.12.12"]
[SourceVersion "1"]
[SourceVersionDate "2017.12.12"]
[SourceQuality "1"]

1. e4 e6 2. d4 d5 3. Nc3 c5 4. exd5 exd5 5. Nf3 Nf6 6. Be2 Bd6 7. 0-0 0-0 8. Bg5 h6 9. Bh4 Nc6 10. Nb5 a6 11. Nxd6 Qxd6 12. dxc5 Qe6 13. Bxf6 Qxf6 14. c3 Be6 15. Nd4 Nxd4 16. cxd4 Rac8 17. Rc1 Rc6 18. b4 b5 19. Qd2 Qg6 20. Rc3 Re8 21. Rd1 Bf5 22. Rg3 Qh7 23. Bf3 Rd8 24. Re1 Bc2 25. Re5 Be4 26. Bxe4 dxe4 27. Qe3 f6 28. Rxe4 Kf8 29. Qe1 Rcc8 30. Rge3 Qg6 31. Rg3 Qf7 32. h3 Qxa2 33. Reg4 Re8 34. Qc1 Re7 35. c6 Rce8 36. Qc5 Kg8 37. Qh5 Re1+ 38. Kh2 R8e7 39. Qxh6 Kf8 40. Rxg7 Rxg7 41. Rxg7 a5 42. Qh8+ Qg8 43. Qxg8# 1-0